000 00520nam a2200181Ia 4500
008 090123s9999 xx 000 0 und d
082 _b17002
_a891.463/कर्णिक
100 _aकर्णिक हेमन
245 _aसी वॉर
250 _a1
260 _bरावजी प्रकाशन
_c1989
300 _a193
600 _aकर्णिक हेमन
630 _aसी वॉर
700 _aकर्णिक हेमन
730 _aसी वॉर
942 _cBOOK
999 _c55062
_d55062